000 00881nam a2200265 i 4500
003 DO-SdBNP
005 20240821151017.0
007 ta
008 240821b2024 dr a|||| |||| 00| 0 spa d
020 _a9789945189490
040 _aDO-SdBNP
_bspa
_cBNPHU
_erda
082 4 _222
100 _aEstrella Guzmán, Hugo M.
_958451
_eautor
245 1 0 _aBarrios y sitios de la Concepción de la Vega :
_bensayos /
_cHugo M. Estrella Guzmán ; prólogo, José Mármol
264 _aSanto Domingo :
_bBúho,
_c2024.
300 _a179 páginas :
_bilustraciones ;
_c23 cm.
336 _2rdacontent
_atexto
_btxt
337 _2rdamedia
_asin mediación
_bn
338 _2rdacarrier
_avolumen
_bnc
500 _aIncluye datos biográficos del autor en las solapas
590 _aInventariado, 2024/BT
700 1 _aMármol, José,
_eprólogo
_982777
910 _aBtavárez
942 _2ddc
_cLBS1
999 _c57520
_d57520